| 000 | 00497pab a2200145 454500 | ||
|---|---|---|---|
| 008 | 180718b xxu||||| |||| 00| 0 eng d | ||
| 100 | _aMukhopadhyay Ishita | ||
| 245 | _aUrban informal sector and communal violence: case study of 1992 riots in Calcutta | ||
| 362 | _a29(35), 27 Aug 1994, p.2299-302 | ||
| 650 | _a Communialism -- India -- Calcutta | ||
| 650 | _a Riots -- India -- Calcutta | ||
| 650 | _aViolence -- India -- West Bengal | ||
| 773 | _aEconomic and Political Weekly | ||
| 909 | _a28100 | ||
| 999 |
_c28100 _d28100 |
||